00514nam a2200205Ia 4500003000900000008004100009040001300050040001300063041000800076100001800084245006900102250002300171260002100194260000900215300001100224300001200235490002400247490000700271600003000278IT-RoPAU120407s9999 xx 000 0 und d aIT-RoPAU cIT-RoPAU aita aJosef Spiegel aI deboli possono diventare forti. L’educazione della volontà aFrancavilla a Mare aEdizioni Paoline c1971 a110 p. c17,5 cm aConosci tuo figlio? v42 a1. Volontà. Educazione.